عرض عادي
عرض مارك
- القوة
دخول Topical Term
001 - CONTROL NUMBER
- control field: 26975
003 - CONTROL NUMBER IDENTIFIER
- control field: AE-AdECS
005 - DATE AND TIME OF LATEST TRANSACTION
- control field: 20260226081410.0
008 - FIXED-LENGTH DATA ELEMENTS
- fixed length control field: 260226|| aca||aabn | a|a d
040 ## - CATALOGING SOURCE
- Original cataloging agency: AE-AdECS
- Transcribing agency: AE-AdECS
150 ## - HEADING--TOPICAL TERM
- Topical term or geographic name entry element: القوة
670 ## - SOURCE DATA FOUND
- Source citation: Work cat.: (AE-AdECS)294313: السدخان، ضحى لعيبي، مؤلف. 15358, قوة الدولة في العراق في ظل صراع المحاور الشرق أوسطية /
